Countries That Drink the Most Coffee - Statistics

General Stats
  • This quiz has been taken 128 times
  • The average score is 19 of 25
Answer Stats
Rank Country % Correct
25 United States of America
97%
18 France
96%
13 Italy
93%
2 Norway
93%
6 Sweden
93%
4 Denmark
92%
1 Finland
92%
16 Germany
92%
23 Spain
90%
8 Belgium
84%
10 Canada
83%
5 Netherlands
82%
24 Portugal
82%
14 Brazil
79%
3 Iceland
79%
7 Switzerland
79%
12 Austria
77%
17 Greece
75%
22 Estonia
65%
9 Luxembourg
62%
15 Slovenia
62%
19 Croatia
54%
11 Bosnia and Herzegovina
47%
20 Cyprus
34%
21 Lebanon
19%
No matching quizzes found
Score Distribution
Percent of People with Each Score
Percentile by Number Answered
Your Score History
You have not taken this quiz